Abstract. Letem světem Správce databáze vědeckotechnických a ekonomických informací

Salvato in:
Dettagli Bibliografici
Autore principale: Zigmund, Jan
Natura: Libro
Lingua:ceco
Pubblicazione: Pardubice Finish 1992
Edizione:1. vyd.
Tags: Aggiungi Tag
Nessun Tag, puoi essere il primo ad aggiungerne!!

MARC

LEADER 00000nam a2200000 4500
001 c001724
005 20221214085213.2
020 |a 80-85340-16-X 
041 0 |a cze 
044 |a CZ 
245 1 0 |a Abstract. Letem světem  |b Správce databáze vědeckotechnických a ekonomických informací  |c Jan Zigmund 
250 |a 1. vyd. 
264 1 |a Pardubice  |b Finish  |c 1992 
300 |a 29 s. 
100 1 |a Zigmund, Jan